|
|
|
|
| LEADER |
01184nam a22002897a 4500 |
| 001 |
35999 |
| 003 |
BD-DhAAL |
| 005 |
20211206131002.0 |
| 008 |
200305t2005 xxca|||| b||| 001 0 eng d |
| 999 |
|
|
|c 42302
|d 42302
|
| 020 |
|
|
|a 0176416692
|
| 020 |
|
|
|a 9780176416690
|
| 040 |
|
|
|a BD-DhAAL
|
| 082 |
|
|
|a 372.210971
|2 23
|
| 100 |
|
|
|a Wilson, Lynn
|9 39814
|
| 245 |
|
|
|a Partnerships :
|b families and communities in early childhood development /
|c Lynn Wilson
|
| 260 |
|
|
|a Canada :
|b Thomson,
|c c2005
|
| 300 |
|
|
|a xiv, 319 pages :
|b illustrations ;
|c 28 cm.
|
| 504 |
|
|
|a Includes bibliographical references and index.
|
| 526 |
|
|
|a BIED
|
| 541 |
|
|
|a Complimentary copy from BIED
|e 35999
|
| 650 |
|
|
|a Early childhood education
|x Parent participation
|z Canada.
|9 39815
|
| 650 |
|
|
|a Parent-teacher relationships
|z Canada.
|9 39816
|
| 650 |
|
|
|a Early childhood education
|x Parent participation.
|9 39817
|
| 852 |
|
|
|a Ayesha Abed Library
|c BIED Collection
|
| 942 |
|
|
|2 ddc
|c BK
|
| 952 |
|
|
|0 0
|1 0
|2 ddc
|4 0
|6 372_210971000000000_WIL
|7 0
|9 68105
|a BRACUL
|b BRACUL
|c GEN
|d 2020-03-05
|e Complimentary copy from BIED
|l 0
|o 372.210971 WIL
|p 3010035999
|r 2020-03-05
|t 1
|w 2020-03-05
|y BK
|x Transferred from BIED to General Stacks
|